000 00976nam a2200301 4500
001 4277968
005 20150513151814.0
007 000
008 000
010 _a 85014953
020 _a0521309905
020 _a0521311071 (pbk.)
040 _aUOEL
_cDLC
_dDLC
050 0 0 _aQA162
_b.B4 1986
082 0 0 _a512/.02
_219
100 1 _aBhattacharya, P. B.
_q(Phani Bhushan),
_d1914-
245 1 0 _aBasic abstract algebra /
_cP.B. Bhattacharya, S.K. Jain, S.R. Nagpaul.
260 _aCambridge [Cambridgeshire] ;
_aNew York :
_bCambridge University Press,
_c1986.
300 _axvii, 454 p. ;
_c25 cm.
500 _aIncludes index.
504 _aBibliography: p. 443.
650 0 _aAlgebra, Abstract.
_xMathematics
700 1 _aJain, S. K.
_q(Surender Kumar),
_d1938-
700 1 _aNagpaul, S. R.
856 4 2 _3Publisher description
_uhttp://www.loc.gov/catdir/description/cam031/85014953.html
906 _a7
_bcbc
_corignew
_d1
_eocip
_f19
_gy-gencatlg
942 _2lcc
_cLL
999 _c7426
_d7426